Mỹ thuật Việt Nam năm 1999 : Đôi điều ghi nhận /

Spremljeno u:
Bibliografski detalji
Glavni autor: Trần Khánh Chương.
Format: Članak
Jezik:Vietnamese
Teme:
Oznake: Dodaj oznaku
Bez oznaka, Budi prvi tko označuje ovaj zapis!
Thư viện lưu trữ: Thư viện Trường Đại học Đà Lạt
LEADER 00747nam a2200253 4500
001 DLU090099166
005 ##20091202
040 # # |a DLU  |b vie 
041 # # |a vie 
044 # # |a vn 
100 # # |a Trần Khánh Chương. 
245 # # |a Mỹ thuật Việt Nam năm 1999 :  |b Đôi điều ghi nhận /  |c Trần Khánh Chương. 
653 # # |a Mỹ thuật 
653 # # |a Nghệ thuật tạo hình 
773 # # |t Văn hoá Nghệ thuật  |g Số 12(186), 1999, tr. 19-20 
920 # # |a Phòng Tạp chí -- Trung tâm Thông tin - Thư viện Trường Đại học Đà Lạt 
994 # # |a DLU 
900 # # |a True 
911 # # |a Đào Thị Thu Huyền 
925 # # |a G 
926 # # |a A 
927 # # |a BB 
980 # # |a Thư viện Trường Đại học Đà Lạt